<?xml version="1.0" encoding="UTF-8"?>
<resp>
  <nextPage>https://data.bn.org.pl/api/networks/bibs.marcxml?marc=001+b1000002928182&amp;sinceId=1000002928183</nextPage>
  <collection>
    <record xmlns='http://www.loc.gov/MARC21/slim'><leader>02311nam a2200697 i 4500</leader><controlfield tag='001'>b1000002928182</controlfield><controlfield tag='005'>20260414100527.6</controlfield><controlfield tag='008'>230522s2023    pl           |000 f pol c</controlfield><controlfield tag='009'>9913251777105606</controlfield><datafield ind1=' ' ind2=' ' tag='020'><subfield code='a'>9788328724365</subfield><subfield code='q'>(oprawa miękka) :</subfield><subfield code='c'>zł 42,90</subfield></datafield><datafield ind1=' ' ind2=' ' tag='035'><subfield code='a'>(PL)b1000002928182</subfield></datafield><datafield ind1=' ' ind2=' ' tag='040'><subfield code='a'>STARACH M</subfield><subfield code='c'>STARACH M</subfield></datafield><datafield ind1=' ' ind2=' ' tag='046'><subfield code='k'>2022</subfield></datafield><datafield ind1=' ' ind2=' ' tag='080'><subfield code='a'>821.162.1-3</subfield></datafield><datafield ind1='1' ind2=' ' tag='100'><subfield code='a'>Świst, Paulina</subfield><subfield code='d'>(1986- )</subfield><subfield code='e'>Autor</subfield></datafield><datafield ind1='1' ind2='0' tag='245'><subfield code='a'>Anyway /</subfield><subfield code='c'>Paulina Świst.</subfield></datafield><datafield ind1=' ' ind2=' ' tag='250'><subfield code='a'>Wydanie I.</subfield></datafield><datafield ind1=' ' ind2=' ' tag='260'><subfield code='a'>Warszawa :</subfield><subfield code='b'>Akurat,</subfield><subfield code='c'>2023.</subfield></datafield><datafield ind1=' ' ind2=' ' tag='300'><subfield code='a'>317, [3] strony ;</subfield><subfield code='c'>21 cm.</subfield></datafield><datafield ind1=' ' ind2=' ' tag='336'><subfield code='a'>Tekst</subfield><subfield code='b'>txt</subfield><subfield code='2'>rdacontent</subfield></datafield><datafield ind1=' ' ind2=' ' tag='337'><subfield code='a'>Bez urządzenia pośredniczącego</subfield><subfield code='b'>n</subfield><subfield code='2'>rdamedia</subfield></datafield><datafield ind1=' ' ind2=' ' tag='338'><subfield code='a'>Wolumin</subfield><subfield code='b'>nc</subfield><subfield code='2'>rdacarrier</subfield></datafield><datafield ind1=' ' ind2=' ' tag='380'><subfield code='a'>Książki</subfield></datafield><datafield ind1=' ' ind2=' ' tag='380'><subfield code='a'>Proza</subfield></datafield><datafield ind1=' ' ind2=' ' tag='386'><subfield code='m'>Przynależność kulturowa</subfield><subfield code='a'>Literatura polska</subfield></datafield><datafield ind1='1' ind2=' ' tag='388'><subfield code='a'>2001-</subfield></datafield><datafield ind1=' ' ind2=' ' tag='500'><subfield code='a'>Stanowi część 2. cyklu, część 1. pt.: Fighter.</subfield></datafield><datafield ind1=' ' ind2='7' tag='650'><subfield code='a'>Adwokaci</subfield><subfield code='2'>DBN</subfield></datafield><datafield ind1=' ' ind2='7' tag='650'><subfield code='a'>Pożądanie</subfield><subfield code='2'>DBN</subfield></datafield><datafield ind1=' ' ind2='7' tag='650'><subfield code='a'>Przestępczość zorganizowana</subfield><subfield code='2'>DBN</subfield></datafield><datafield ind1=' ' ind2='7' tag='650'><subfield code='a'>Tymczasowe aresztowanie</subfield><subfield code='2'>DBN</subfield></datafield><datafield ind1=' ' ind2='7' tag='651'><subfield code='a'>Gdańsk (woj. pomorskie)</subfield><subfield code='2'>DBN</subfield></datafield><datafield ind1=' ' ind2='7' tag='651'><subfield code='a'>Warszawa (woj. mazowieckie)</subfield><subfield code='2'>DBN</subfield></datafield><datafield ind1=' ' ind2='7' tag='655'><subfield code='a'>Powieść erotyczna</subfield><subfield code='2'>DBN</subfield></datafield><datafield ind1=' ' ind2='7' tag='655'><subfield code='a'>Sensacja (rodzaj/gatunek)</subfield><subfield code='2'>DBN</subfield></datafield><datafield ind1='2' ind2=' ' tag='710'><subfield code='a'>Muza</subfield><subfield code='e'>Wydawca</subfield><subfield code='4'>pbl</subfield></datafield><datafield ind1=' ' ind2=' ' tag='852'><subfield code='8'>228777790008005</subfield><subfield code='j'>1</subfield><subfield code='b'>SW2_4_4</subfield><subfield code='p'>MBPSF6-0020578</subfield><subfield code='c'>SW2_4_4_2</subfield></datafield><datafield ind1=' ' ind2=' ' tag='852'><subfield code='8'>2232688720007770</subfield><subfield code='j'>1</subfield><subfield code='b'>TOM_3</subfield><subfield code='p'>10016084</subfield><subfield code='c'>WD</subfield></datafield><datafield ind1=' ' ind2=' ' tag='852'><subfield code='8'>226779980008218</subfield><subfield code='j'>1</subfield><subfield code='b'>TL_4_1</subfield><subfield code='p'>044599WD</subfield><subfield code='c'>TL_4_1_1</subfield></datafield><datafield ind1=' ' ind2=' ' tag='852'><subfield code='8'>22733699820005066</subfield><subfield code='j'>0</subfield><subfield code='b'>BN_PL</subfield><subfield code='p'>888a1440919</subfield><subfield code='c'>Reklamacja</subfield></datafield><datafield ind1=' ' ind2=' ' tag='852'><subfield code='b'>48OMNIS_SW2</subfield><subfield code='8'>991000736385408005</subfield></datafield><datafield ind1=' ' ind2=' ' tag='852'><subfield code='b'>48OMNIS_TOM</subfield><subfield code='8'>991002279099207770</subfield></datafield><datafield ind1=' ' ind2=' ' tag='852'><subfield code='b'>48OMNIS_TL</subfield><subfield code='8'>991000571179108218</subfield></datafield><datafield ind1=' ' ind2=' ' tag='852'><subfield code='b'>48OMNIS_NLOP</subfield><subfield code='8'>991053139017705066</subfield></datafield><datafield ind1=' ' ind2=' ' tag='852'><subfield code='b'>48OMNIS_NETWORK</subfield><subfield code='8'>9913251777105606</subfield></datafield><datafield ind1=' ' ind2=' ' tag='920'><subfield code='a'>978-83-287-2436-5 (oprawa miękka) : zł 42,90</subfield></datafield></record>
  </collection>
</resp>
